Plywod from plantation species: Present status and future research needs (Record no. 48256)

MARC details
000 -LEADER
fixed length control field 00483nam a2200121Ia 4500
100 ## - MAIN ENTRY--AUTHOR NAME
Personal name Mathews K C
245 #0 - TITLE STATEMENT
Title Plywod from plantation species: Present status and future research needs
260 ## - PUBLICATION, DISTRIBUTION, ETC. (IMPRINT)
Name of publisher In: Proceedings of the Natioanl Seminar on Processing an Utilisation of Plantation Timbers and Bamboo, 23-24 July 1998, IPIRTI, Bangalore, India, pp. 142-150.
700 ## - ADDED ENTRY--PERSONAL NAME
Personal name Narayanaprasad T R
700 ## - ADDED ENTRY--PERSONAL NAME
Personal name Zoolagud S S
942 ## - ADDED ENTRY ELEMENTS (KOHA)
Koha item type Bibliography RLWO
Holdings
Withdrawn status Lost status Damaged status Not for loan Home library Current library Date acquired Koha item type
      Bibliography RRII Library RRII Library 31/12/2021 Bibliography RLWO